000 01785nam a2200301 i 4500
003 DO-SdBNP
005 20240112101739.0
007 ta
008 110413s1999 dr co 000 0 spa d
020 _a976816056X
040 _aDO-SdBNP
_bspa
_cBNPHU
_erda
082 4 _a618.107543
_bS211a
_222
100 1 _aSánchez Jiménez, Raúl
_984507
_eautor
245 1 0 _aAtlas de sonografía en ginecología y obstetricia /
_cRaúl Sánchez Jiménez
264 1 _aSanto Domingo :
_bBúho,
_c1999.
300 _a378 páginas :
_bretratos, fotografías ;
_c23 cm.
336 _2rdacontent
_atexto
_btxt
337 _2rdamedia
_asin mediación
_bn
338 _2rdacarrier
_avolumen
_bnc
504 _aBibliografía p: 369-378
505 _aBreves apuntes históricos y principios básicos de los ultrasonidos 13|Anatomía normal de la pelvis menor femenina 17|Utero normal y su aspecto sonográfico 27|Morfología y fisiología del ovario normal. Su aspecto sonográfico 43|Aspecto sonográfico de alteraciones benignas del útero 57|Aspecto sonográfico de alteracines benignas de los anexos 97|Aspecto sonográfico de otras aplicaciones en ginecología 155|Referencias ginecológicas 183|Criterios básicos del primer trimestre de la gestación normal y patológica 189|Criterios básicos ecobiométricos y ecoanatomía normal del segundo y tercer trimestre de la gestación 259|Aspecto sonográfico de alteraciones feto-placentarias. Segundo y tercer trimestre de gestación 297|Referencias obstétricas 369
590 _aInventariado, 2023/ YL
650 4 _aTécnicas de diagnóstico obstétrico y ginecológico
_984714
650 4 _aDiagnóstico por imágenes
_944045
650 4 _aUltrasonografía
_984715
910 _aYLockward/Validado. Control de calidad MFF
942 _2ddc
_cLBS1
999 _c55213
_d55213